En Yakın Altı Ülke - Singapur - Statistics

General Stats
  • This quiz has been taken 93 times
  • The average score is 3 of 6
Answer Stats
km ülke % Correct
6 Endonezya
89%
1 Malezya
89%
524 Tayland
71%
998 Kamboçya
33%
797 Vietnam
26%
1109 Myanmar
19%
No matching quizzes found
Score Distribution
Percent of People with Each Score
Percentile by Number Answered
Your Score History
You have not taken this quiz